Responses for show #7587 - Tuesday, September 12, 2017

Clip of this game shown on the 2019-04-04 episode of Better Things.

Contestants

[<< previous game]

Chris Fennell, a professor from Ottawa, Ontario, Canada

Linda Shaver-Gleason, a musicologist from Lompoc, California

Laura Kelsay, a hotel desk reception clerk from Grand Island, Nebraska (whose 1-day cash winnings total $14,400)

[next game >>]

Jeopardy! Round responses

ART & ARTISTS
ALSO A BASEBALL WORD
VICKI LEAKS
REALITY TV
20th CENTURY NOVELS
WORKS LIKE A CHARM
    $200 1
(Toulouse) Lautrec

Chris
    $200 19
a steal

Linda
    $200 10
(Laura: What is Das Kapital?)

The Communist Manifesto

LauraLinda
    $200 2
The Amazing Race

Linda
    $200 6
The Hobbit

Linda
    $200 22
Lucky Charms

Chris
    $400 15
Grandma Moses

Laura
    $400 20
batter

Chris
    $400 11
Nike

Linda
    $400 3
Big Brother

Chris
    $400 7
A Clockwork Orange

Linda
    $400 23
sweet and sour

Chris
    $600 16
Hercules

Laura
    $600 21
a strike

Triple Stumper
    $600 12
pastor

Linda
    $600 4
Gene Simmons

Laura
    $600 8
All Quiet on the Western Front

Laura
    $600 24
Pokémon

Linda
    $800 17
the Venus de Milo

Chris
    $800 29
[The end-of-round signal sounds.]

pitch

Laura
    $800 13
Grand Hotel

Laura
    $800 5
The Real Housewives of Orange County

Linda
    $800 9
Brideshead Revisited

Chris
    $800 25
a SIM card

Laura
    $1000 28
Francisco Goya

Triple Stumper
    $1000 14
Hanover

Triple Stumper
    $1000 18
America's Next Top Model

Linda
    $1,200 27
White Fang

Laura
    $1000 26
(Alex: Less than a minute now.)

an app

Laura

Scores at the first commercial break (after clue 15):

Laura Linda Chris
$2,200 $2,800 $1,400

Scores at the end of the Jeopardy! Round:

Laura Linda Chris
$6,600 $4,600 $3,200

Double Jeopardy! Round responses

"CROSS"WORDS
MULTIPLE ROLES, SAME FILM
MAGIC & SORCERY IN THE BIBLE
(Alex: We have military devices that have been anagrammed in...)
WHIRLED OF WARCRAFT
TRAVEL FRANCE
BONE VOYAGE
    $400 5
cross-country skiing

Linda
    $400 12
The Parent Trap

Laura
    $400 10
pharaoh

Chris
    $400 26
submarine

Laura
    $400 1
the Eiffel Tower

Chris
    $400 17
Lincoln

Chris
    $800 6
a skull and crossbones

Laura
    $800 13
The Wizard of Oz

Laura
    $800 21
[A clip of this clue was seen in the 2019-04-04 episode of Better Things.]

Nebuchadnezzar

Linda
    $800 27
a catapult

Chris
    $800 2
Monet

Laura
    $800 18
William the Conqueror

Laura
    $1200 7
a crossbow

Linda
    $1200 14
Alec Guinness

Laura
    $1200 22
(Saint) Paul

Laura
    $1200 28
an aircraft carrier

Chris
    $1200 3
Saint-Tropez

Triple Stumper
    $1200 19
(Laura: Who is Crazy Horse?)

Sitting Bull

LauraLinda
    $1600 8
a crossmatch

Linda
    $1,200 15
Charlie Chaplin

Laura
    $1,500 23
Jezebel

Laura
    $1600 29
Sherman tank

Laura
    $1600 4
Brittany

Chris
    $1600 20
Voltaire

Linda
    $2000 9
cross-eyed

Linda
    $2000 16
Armie Hammer

Chris
    $2000 24
Saul

Laura
    $2000 30
Spitfire

Laura
    $2000 11
Avignon

Chris
    $2000 25
(Lord) Byron

Laura

Scores at the end of the Double Jeopardy! Round:

Laura Linda Chris
$22,100 $13,400 $12,000

[wagering suggestions for these scores]

Final Jeopardy! Round responses

21st CENTURY GRAMMYS
(Alex: And this talented artist is still going strong.)
ChrisWho is Adele?
$10,101
LindaWho is Adele Kanye West?
$10,601
LauraWho is Adele?
$5,800
Adele

Final scores:

Laura Linda Chris
$27,900 $24,001 $22,101
2-day champion: $42,300 2nd place: $2,000 3rd place: $1,000

Game dynamics:

Coryat scores:

Laura Linda Chris
$22,400 $13,400 $12,000
23 R
(including 3 DDs),
2 W
17 R,
0 W
15 R,
0 W

Combined Coryat: $47,800

The J! Archive is created by fans, for fans. The Jeopardy! game show and all elements thereof, including but not limited to copyright and trademark thereto, are the property of Jeopardy Productions, Inc. and are protected under law. This website is not affiliated with, sponsored by, or operated by Jeopardy Productions, Inc. Join the discussion at JBoard.tv.